| 000 | 00478nam a22001577a 4500 | ||
|---|---|---|---|
| 003 | NUST | ||
| 038 | _aNusrat Nadeem | ||
| 082 | _a200 | ||
| 100 |
_aNazir, Umar _9125265 |
||
| 245 |
_aThe Impact of Climate Change on Wheat Production: An Empirical Analysis of Punjab, Pakistan/ _cUmar Nazir |
||
| 264 |
_aIslamabad; _bS3H NUST; _c2024. |
||
| 300 |
_a55,p; _bill; _c30,cm. |
||
| 650 |
_aMS-Economics _9123068 |
||
| 700 |
_aSupervisor: Dr. Samina Naveed _9120216 |
||
| 942 |
_2ddc _cSC |
||
| 999 |
_c611030 _d611030 |
||